000 00797nam a2200205 a 4500
001 000038887
005 20201002031416.0
008 130501s1987 dr r 000 0 spa d
040 _aDO-SdBNP
_bspa
_cBNPHU
082 _axxxx
_bR426L
110 1 _aRepública Dominicana
_9447
240 0 _a[Leyes, etc.]
245 1 0 _aCodigo civil de la República Dominicana.
260 _aSanto Domingo :
_bTiempo,
_c1987.
300 _a384 p. :
_bfacsímil ;
_c22 cm.
490 1 _aTextos Legislativos
_v3
500 _aIncluye notas al pie de las páginas
500 _aLa presente publicación es un facsímil de la edición oficial del código civil de la República Dominicana, realizada de acuerdo con las disposiciones de la ley no. 32-86 de derecho de autor
830 0 _aTextos Legislativos
_n3
_965160
999 _c38377
_d38377